Normal view
MARC view
- Turakhia Siddhi-2K201145 & Dr.Kamlakar Munde-Guide
Entry Personal Name
001 - CONTROL NUMBER
- control field: 208039
003 - CONTROL NUMBER IDENTIFIER
- control field: OSt
005 - DATE AND TIME OF LATEST TRANSACTION
- control field: 20240806171454.0
008 - FIXED-LENGTH DATA ELEMENTS
- fixed length control field: 240806|| aca||aabn | a|a d
040 ## - CATALOGING SOURCE
- Original cataloging agency: OSt
- Transcribing agency: OSt
100 ## - HEADING--PERSONAL NAME
- Personal name: Turakhia Siddhi-2K201145 & Dr.Kamlakar Munde-Guide
670 ## - SOURCE DATA FOUND
- Source citation: Work cat.: (OSt)359259: Turakhia Siddhi-2K201145 & Dr.Kamlakar Munde-Guide, A Study on Marketing Mix Mapping of FMCG, March 2022